书目信息 |
| 题名: |
科学技术档案管理
|
|
| 作者: | 熊贞 编著 | |
| 分册: | ||
| 出版信息: | 西安 陕西科学技术出版社 1983 |
|
| 页数: | 136页 | |
| 开本: | 19cm | |
| 丛书名: | ||
| 单 册: | ||
| 中图分类: | G275.3 | |
| 科图分类: | ||
| 主题词: | 技术档案-档案管理 , 档案管理-技术档案 | |
| 电子资源: | ||
| ISBN: | ||
| 000 | 00636nam0 2200241 45 | |
| 001 | 0183009708 | |
| 005 | 20060802174051.65 | |
| 010 | @dCNY0.40 | |
| 091 | @aCN@b17202.6 | |
| 100 | @a19950422d1983 em y0chiy0121 ea | |
| 101 | 0 | @achi |
| 102 | @aCN@b610000 | |
| 105 | @ay z 000yy | |
| 200 | 10 | @a科学技术档案管理@Ake xue ji shu dang an guan li@f熊贞编著 |
| 210 | @a西安@c陕西科学技术出版社@d1983 | |
| 215 | @a136页@d19cm | |
| 606 | @a技术档案-档案管理 | |
| 606 | @a档案管理-技术档案 | |
| 690 | @aG275.3@v3 | |
| 701 | 0 | @a熊贞@Axiong zhen@4编著 |
| 801 | 2 | @aCN@bNLC@c20060802 |
| 801 | 0 | @aCN@bTSSF |
| 905 | @a10447@dG275.3@e30 | |
| 科学技术档案管理/熊贞编著.-西安:陕西科学技术出版社,1983 |
| 136页;19cm |
| ISBN :CNY0.40 |
| ● |
| 相关链接 |
|
|
|
|
正题名:科学技术档案管理
索取号:G275.3/30
 
预约/预借
| 序号 | 登录号 | 条形码 | 馆藏地/架位号 | 状态 | 备注 |
| 1 | 0442100 | 204421009 | 密集书库/ [索取号:G275.3/30] | 在馆 |